000
00277nam a2200121Ia 4500
008
190216s9999||||xx |||||||||||||| ||und||
100
_a
Kahan My & Jain P K
245
0
_a
Financial Management
260
_b
Null
_c
1982
300
_a
759p
650
_a
Management
942
_c
BK
999
_c
6522
_d
6522